Normal view
MARC view
Entry Corporate Name
001 - CONTROL NUMBER
- control field: 3846
003 - CONTROL NUMBER IDENTIFIER
- control field: OSt
005 - DATE AND TIME OF LATEST TRANSACTION
- control field: 20110510131338.0
008 - FIXED-LENGTH DATA ELEMENTS
- fixed length control field: 110510|||a|||||| | ||| d
040 ## - CATALOGING SOURCE
- Original cataloging agency: OSt
- Transcribing agency: OSt
110 ## - HEADING--CORPORATE NAME
- Corporate name or jurisdiction name as entry element: Great Britain.
- Subordinate unit: Court for Crown Cases Reserved.
670 ## - SOURCE DATA FOUND
- Source citation: Work cat.: (OSt)1726: The Law reports Crown Cases Reserved 1865 - 75 Vol. 1 - 2 /, 1973
